| 000 | 00975cam a2200301 i 4500 | ||
|---|---|---|---|
| 001 | 016033193 | ||
| 003 | EG-ScBUE | ||
| 005 | 20240407105708.0 | ||
| 008 | 090909s2009 mm a f b 001 0 eng d | ||
| 020 | _a9789993206835 | ||
| 020 | _a9789993206842 | ||
| 040 |
_aEUW _beng _erda _cEUW _dUk _dEG-ScBUE |
||
| 082 | 0 | 4 |
_222 _a953.35 _bGRI |
| 100 | 1 |
_aGrima, Franco, _eauthor. |
|
| 245 | 1 | 0 |
_aWarriors of Arabia : _bmemoirs of a medical officer in Aden and beyond / _cFranco Grima. |
| 264 | 1 |
_a[Malta] : _bFranco Grima, _c2009. |
|
| 300 |
_a234 pages : _billustrations ; _c24 cm |
||
| 336 |
_2rdacontent _atext _btxt |
||
| 337 |
_aunmediated _2rdamedia _bn |
||
| 338 |
_avolume _bnc _2rdacarrier |
||
| 504 | _aIncludes bibliographical references and index. | ||
| 600 | 1 | 7 | _aGrima, Franco. |
| 650 | 7 |
_aPhysicians _vBiography. _2BUEsh |
|
| 650 | 7 |
_aMedicine, Military _zYemen, South _xHistory. _2BUEsh |
|
| 653 |
_bGGEN _cFebruary2018 |
||
| 655 | _vReading book | ||
| 942 |
_2ddc _cBB |
||
| 999 |
_c26177 _d26149 |
||